| 000 | 01572nam0a22002771 4500 | ||
|---|---|---|---|
| 001 | rc\162630 | ||
| 005 | 20260407094212.0 | ||
| 010 |
_a5-230-03950-7 _9200 |
||
| 035 | _a(NLR Aleph) 005427559 | ||
| 090 |
_a7542422 _c7542422 |
||
| 100 | _a20030307d1996 |||y0rusy50 ca | ||
| 101 | 0 | _arus | |
| 102 | _aRU | ||
| 105 | _ay ||||||||| | ||
| 200 | 1 |
_aКомплексная продуктивность лесов и организация многоцелевого (многопродуктового) лесопользования _eТез. всерос. конф., Воронеж. 13-14 дек. 1995 г. _f[Редкол.: В.Г. Шаталов (науч. ред.) и др.] |
|
| 210 |
_aВоронеж _cВГЛТА _d1996 |
||
| 215 |
_a203, [1] с. _d20 |
||
| 300 | _aВ надзаг.: Гос. ком. Рос. Федерации по высш. образованию, Федер. служба лесного хоз-ва России, Центр.-Чернозем. отд-ние Секции наук о лесе Акад. естеств. наук России, Воронеж гос. лесотех. акад. | ||
| 320 | _aАлф. указ.: с. 203-204 | ||
| 702 | 1 |
_4340 _7ca _8rus _aШаталов _bВ. Г. _cд-р с.-х. наук _f1938-1998 _gВиктор Григорьевич _9117725 _3RU\NLR\AUTH\777798 |
|
| 712 | 0 | 1 |
_aРоссийская Федерация _bКомитет по высшему образованию _9332681 _3RU\NLR\AUTH\889918281 |
| 801 | 0 |
_aRU _bNLR _gpsbo |
|
| 801 | 1 |
_aRU _bELAR _2rusmarc |
|
| 852 |
_aNLR _j96-3/4586 |
||
| 942 | _cBOOK | ||
| 980 | _aNB | ||